000 00482nam a22001817a 4500
003 0
005 20241115105228.0
008 231007b xxu||||| |||| 00| 0 eng d
020 _a978-0-8109-9751-6
050 _aFIC
_bK62 2009
100 _aKinney, Jeff
245 _aDiary of the wimpy kid : dog days
_cJeff Kinney
260 _aNew York
_bAmulet Books
_cc2009.
300 _a214 pages :
_bb&w ill. ;
_c20 cm.
500 _aFiction.
650 _aFiction.
942 _2lcc
_cBK
999 _c365497
_d365497